Sumbangan Maulana Abdullah Noh dalam pengajian tafsir : kajian terhadap kitab Khulasah al-Quran /
Saved in:
| 主要作者: | |
|---|---|
| 格式: | Thesis 圖書 |
| 語言: | Malay |
| 主題: | |
| 標簽: |
添加標簽
沒有標簽, 成為第一個標記此記錄!
|
| LEADER | 01523cam a2200337 a 4500 | ||
|---|---|---|---|
| 001 | u747573 | ||
| 003 | SIRSI | ||
| 005 | 200710291607 | ||
| 008 | 071029s2007 my t 000 0 may | ||
| 040 | |a UMM |d UMA |e rda | ||
| 090 | |a BP42 |b A2 UM 2007 Nursi | ||
| 094 | |a BP42 |b A2 UM 2007 Nursi | ||
| 100 | 0 | |a Nur Salwa Ibrahim |e author. | |
| 245 | 1 | 0 | |a Sumbangan Maulana Abdullah Noh dalam pengajian tafsir : |b kajian terhadap kitab Khulasah al-Quran / |c Nur Salwa binti Ibrahim. |
| 264 | 1 | |c 2007. | |
| 264 | 4 | |c 2007. | |
| 300 | |a xiii, 151 leaves : |b illustrations ; |c 30 cm. | ||
| 336 | |a text |2 rdacontent | ||
| 337 | |a unmediated |2 rdamedia | ||
| 338 | |a volume |2 rdacarrier | ||
| 500 | |a AIUM. | ||
| 500 | |a Diselia oleh Prof Madya Dr Abdul Rashid Ahmad | ||
| 502 | |a Dissertation (M.Usuluddin) -- Jabatan Al-Quran dan Al-Hadith, Bahagian Pengajian Usuluddin, Akademi Pengajian Islam, Universiti Malaya, 2007. | ||
| 596 | |a 1 12 18 | ||
| 600 | 0 | 0 | |a Maulana Abdullah Noh, |d 1905-1947. |t Khulasah al-Quran. |
| 630 | 0 | 0 | |a al-Qur'an |x Criticism, interpretation, etc. |
| 710 | 2 | |a Universiti Malaya. |b Jabatan Al-Quran dan Al-Hadith. | |
| 900 | |a SK | ||
| 999 | |a BP42 A2 UM 2007 NURSI |w LC |c 1 |i A513131176 |d 17/4/2018 |e 17/4/2018 |f 19/11/2007 |g 1 |l STACKS |m P01UTAMA |n 9 |r Y |s Y |t TESIS |u 16/11/2007 | ||
| 999 | |a BP42 A2 UM 2007 NURSI |w LC |c 1 |i A512963378 |d 2/11/2018 |e 2/11/2018 |l STACKS |m P12ISLAMKL |n 29 |r Y |s Y |t TESIS |u 20/11/2007 | ||
| 999 | |a BP42 A2 UM 2007 NURSI |w LC |c 1 |i A512984293 |d 9/4/2008 |f 9/4/2008 |g 1 |l RESERVES |m P18ISLPURI |r Y |s Y |t TESIS |u 6/4/2008 | ||
